Catálogo

CNC PROGRAMMING HANNDBOOK : (Registro nro. 54465)

Detalles MARC
000 -LEADER
fixed length control field 01079nam a2200193 a 4500
001 - CONTROL NUMBER
control field 54465
005 - DATE AND TIME OF LATEST TRANSACTION
control field 20180714045312.0
008 - FIXED-LENGTH DATA ELEMENTS--GENERAL INFORMATION
fixed length control field 140415s2008 000 0 eng d
020 ## - INTERNATIONAL STANDARD BOOK NUMBER
International Standard Book Number 9780831133474
041 ## - LANGUAGE CODE
Language code of text/sound track or separate title eng
082 ## - DEWEY DECIMAL CLASSIFICATION NUMBER
Classification number 621.9023
Item number SMI
100 1# - MAIN ENTRY--PERSONAL NAME
Personal name SMID, PETER
245 10 - TITLE STATEMENT
Title CNC PROGRAMMING HANNDBOOK :
Remainder of title A COMPREHENSIVE GUIDE TO PRACTICAL CNC PROGRAMMING
250 ## - EDITION STATEMENT
Edition statement 3a ed.
260 ## - PUBLICATION, DISTRIBUTION, ETC.
Place of publication, distribution, etc. [s.l.] :
Name of publisher, distributor, etc. INDUSTRIAL PRESS, INC.,
Date of publication, distribution, etc. 2008
300 ## - PHYSICAL DESCRIPTION
Extent 540
Dimensions 20 x 2.8 x 26
520 ## - SUMMARY, ETC.
Summary, etc. OVER ITS FIRST TWO EDITIONS, THIS BEST-SELLING BOOK HAS BECOME THE DE FACTO STANDARD FOR TRAINING AND REFERENCE MATERIAL AT ALL LEVELS OF CNC PROGRAMMING. USED IN HUNDREDS OF EDUCATIONAL INSTITUTIONS AROUND THE WORLD AS THE PRIMARY TEXT FOR CNC COURSES, AND USED DAILY BY MANY IN-FIELD CNC PROGRAMMERS AND MACHINE OPERATORS, THIS BOOK LITERALLY DEFINES CNC PROGRAMMING. WRITTEN WITH CAREFUL ATTENTION TO DETAIL, THERE ARE NO COMPROMISES. MANY OF THE CHANGES IN THIS NEW THIRD EDITION ARE TH
650 14 - SUBJECT ADDED ENTRY--TOPICAL TERM
Topical term or geographic name entry element MAQUINAS HERRAMIENTAS
General subdivision CONTROL NUMERICO
-- PROGRAMACION
-- MANUAL
Existencias
Withdrawn status Lost status Source of classification or shelving scheme Damaged status Not for loan Collection code Home library Current library Shelving location Date acquired Source of acquisition Inventory number Total Checkouts Full call number Barcode Date last seen Date last checked out Price effective from Koha item type Total Renewals
    Dewey Decimal Classification     General Biblioteca Karol Wojtyla Biblioteca Karol Wojtyla Sala general 03/12/2013 Compra 151000000000000000019129   621.9023 SMI 81543 05/01/2026 16/04/2018 03/12/2013 Libro  
    Dewey Decimal Classification     General Biblioteca Karol Wojtyla Biblioteca Karol Wojtyla Sala general 03/12/2013 Compra 151000000000000000019128 1 621.9023 SMI 81542 05/01/2026 29/01/2022 03/12/2013 Libro 1
    Dewey Decimal Classification     General Biblioteca Karol Wojtyla Biblioteca Karol Wojtyla Sala general 03/12/2013 Compra 151000000000000000019127 1 621.9023 SMI 81541 05/01/2026 26/08/2019 03/12/2013 Libro